ბათუმის შოთა რუსთაველის სახელმწიფო უნივერსიტეტის ბიბლიოთეკა

საქართველოს ისტორია ოთხ ტომად : (ბიბ.ჩანაწერი № 39996)

000 -ლიდერი
ფიქსირებული სიგრძის საკონტროლო ველი 01742nam a2200277Ia 4500
001 - საკონტროლო ნომერი
საკონტროლო ველი 6602
003 - საკონტროლო ნომრის იდენტიფიკატორი
საკონტროლო ველი GE_BSU
005 - ბოლო ოპერაციის თარიღი და დრო
საკონტროლო ველი 20191119151204.0
008 - ფიქსირებული სიგრძის მონაცემთა ელემენტები - ზოგადი ინფორმაცია
ფიქსირებული სიგრძის საკონტროლო ველი 181216s||||||||xx |||||||||||||| ||und||
020 ## - წიგნის საერთაშორისო სტანდარტული ნომერი
International Standard Book Number 9789941218644
040 ## - კატალოგიზაციის წყარო
Transcribing agency GE_BSU
041 ## - ენის კოდი
Language code of text/sound track or separate title geo
080 ## - უნივერსალური ათობითი კლასიფიკაციის ინდექსი
Universal Decimal Classification number 94(479.22) ს-32
245 ## - ცნობა სათაურის შესახებ
Title საქართველოს ისტორია ოთხ ტომად :
Remainder of title ტ.2. საქართველო IV საუკუნიდან XIII საუკუნამდე /
Statement of responsibility, etc მარიამ ლორთქიფანიძე, დავით მუსხელიშვილი, როინ მეტრეველი ; რედ. როინ მეტრეველი
264 ## - წარმოების, გამოცემის, დისტრიბუციის და სხვა ცნობები
გამოცემის, წარმოების, დისტრიბუციის... ადგილი თბილისი :
გამოცემის, წარმოების, დისტრიბუციის... სახელწოდება პალიტრა L
გამოცემის, წარმოების, დისტრიბუციის... თარიღი 2012
300 ## - ფიზიკური აღწერა
Extent 463 გვ.;
Other physical details 16 ჩართ. ფ. ილ..;
Dimensions 25 სმ.
500 ## - ზოგადი შენიშვნა
General note ოთხივე ტომი მოთავსებულია მუყაოს ყუთში.
653 ## - INDEX TERM--UNCONTROLLED
Uncontrolled term საქართველოს ისტორია
700 ## - ADDED ENTRY--PERSONAL NAME
Personal name ლორთქიფანიძე, მარიამ
Relator term ავტორი
9 (RLIN) 5445
700 ## - ADDED ENTRY--PERSONAL NAME
Personal name მუსხელიშვილი, დავით
Relator term ავტორი
9 (RLIN) 5446
700 ## - ADDED ENTRY--PERSONAL NAME
Personal name მეტრეველი, როინ
Relator term ავტორი
9 (RLIN) 5447
700 ## - ADDED ENTRY--PERSONAL NAME
Personal name ლორთქიფანიძე, მარიამ და სხვ.
Relator term რედაქტორი
9 (RLIN) 5448
710 ## - ADDED ENTRY--CORPORATE NAME
Corporate name or jurisdiction name as entry element საქ. მეცნ. ეროვნ. აკად.
Subordinate unit ისტ., ეთნოლ., რელიგიის შესწავლისა და პროპაგანდის სამეცნ. ცენტრი
9 (RLIN) 5449
942 ## - ADDED ENTRY ELEMENTS (KOHA)
Koha item type წიგნი
Source of classification or shelving scheme
ეგზემპლარები
ჩამოწერის სტატუსი დაკარგული ეგზემპლარის სტატუსი კლასიფიკაციის წყარო ან თაროზე გაწყობის სქემა დაზიანების სტატუსი არ გაიცემა მუდმივი მდებარეობა (დაცვის ადგილი) ამჟამინდელი ადგილსამყოფელი თაროზე განთავსების ადგილი შეძენის თარიღი ღირებულება, შესყიდვის ნორმალური ფასი სრული შენახვის შიფრი შტრიხკოდი ბოლო ოპერაციის თარიღი ეგზემპლარის მიმდევრობითი ნომერი (კეტერი?) ფასის ძალაში შესვლის თარიღი ეგზემპლარის სახეობა საჯარო შენიშვნა
          ბათუმის შოთა რუსთაველის სახელმწიფო უნივერსიტეტის მთავარი ბიბლიოთეკა ბათუმის შოთა რუსთაველის სახელმწიფო უნივერსიტეტის მთავარი ბიბლიოთეკა წიგნსაცავი 2018-12-17 15.00 94(479.22) ს-32 6810 2018-12-17 6810 2018-12-17 წიგნი 15 ლ.
          ბათუმის შოთა რუსთაველის სახელმწიფო უნივერსიტეტის მთავარი ბიბლიოთეკა ბათუმის შოთა რუსთაველის სახელმწიფო უნივერსიტეტის მთავარი ბიბლიოთეკა წიგნსაცავი 2018-12-17 15.00 94(479.22) ს-32 34504 2018-12-17 34504 2018-12-17 წიგნი 15 ლ.
          ბათუმის შოთა რუსთაველის სახელმწიფო უნივერსიტეტის მთავარი ბიბლიოთეკა ბათუმის შოთა რუსთაველის სახელმწიფო უნივერსიტეტის მთავარი ბიბლიოთეკა წიგნსაცავი 2018-12-17 15.00 94(479.22) ს-32 34505 2018-12-17 34505 2018-12-17 წიგნი 15 ლ.
          ბათუმის შოთა რუსთაველის სახელმწიფო უნივერსიტეტის მთავარი ბიბლიოთეკა ბათუმის შოთა რუსთაველის სახელმწიფო უნივერსიტეტის მთავარი ბიბლიოთეკა წიგნსაცავი 2018-12-17 13.00 94(479.22) ს-32 47886 2018-12-17 47886 2018-12-17 წიგნი 13 ლ. 25 თ.
          ბათუმის შოთა რუსთაველის სახელმწიფო უნივერსიტეტის მთავარი ბიბლიოთეკა ბათუმის შოთა რუსთაველის სახელმწიფო უნივერსიტეტის მთავარი ბიბლიოთეკა წიგნსაცავი 2018-12-17 13.00 94(479.22) ს-32 47887 2018-12-17 47887 2018-12-17 წიგნი 13 ლ. 25 თ.
          ბათუმის შოთა რუსთაველის სახელმწიფო უნივერსიტეტის მთავარი ბიბლიოთეკა ბათუმის შოთა რუსთაველის სახელმწიფო უნივერსიტეტის მთავარი ბიბლიოთეკა წიგნსაცავი 2018-12-17 13.00 94(479.22) ს-32 47888 2018-12-17 47888 2018-12-17 წიგნი 13 ლ. 25 თ.